00757nam a2200193u 450000100100000000500170001000800410002701000130006804000240008105000210010511000570012624500490018326000450023230000200027791000340029795201050033195201100043699900170054600001799220200929165315.0830808s1966 ag 000 0 eng  a66091811 aDO-SdBNPcCarPdDLC00aPQ7798.1.L94bH52 aAlvarez Reynolds Mercedes. [from old catalog]93900410aEl hilo de un fantastico sentido; :bpoemas. aBuenos Aires, :bEdiciones Airon,c1966. a42 p. ;c23 cm. aCatalogación por copia / LC 001050718MOaGRbGRcCTd2010-04-08iLF1l0o p17992-10r2020-06-25w2020-06-25y1ZNo se presta 001050718MOaGRbGRcCTd2010-04-08iLF1l0o p17992-20r2020-06-25te.2w2020-06-25y1ZNo se presta c17514d17514